Szczegóły MARC21

Żołnierskim szlakiem przez Tobruk i Monte Cassino /

003 -Nazwa inst., której nr kontr. jest w polu 001 [,]
    • @
    • Nazwa instytucji, której n kontrolny jest w polu 001
    • NUKAT
005 -DATA I CZAS OSTATNIEJ MODYFIKACJI [,]
    • @
    • pole kontrolne
    • 20241231094016.0
040 -Instytucja sporządzająca opis [ , ]
    • a
    • Instytucja, która sporządziła opis (NP)
    • OLSZT 003/DK
    • c
    • Instytucja, która sporządziła rekord (NP)
    • OLSZT 003/DKs
    • d
    • Instytucja, która zmodyfikowała rekord (P)
    • WR O/ISs
942 -Rodzaj dokumentu [ , ]
    • c
    • Rodzaj dokumentu
    • Książka
100 -Hasło główne - nazwa osobowa [1, ]
    • a
    • Nazwa osobowa (NP)
    • Górski, Władysław
    • d
    • Daty biograficzne (NP)
    • (1917-2015).
    • 9
    • KHW
    • 38282
245 -Strefa tytułu i oznaczenia odpowiedzialności [1,0]
    • a
    • Tytuł
    • Żołnierskim szlakiem przez Tobruk i Monte Cassino / Find
    • c
    • Pozostałe elementy strefy tytułu i oznaczenia odpowiedzialności (NP)
    • Władysław Górski ; [rys. Maciej Lasota].
260 -Strefa adresu wydawniczego [ , ]
    • a
    • Miejsce wydania (P)
    • Warszawa :
    • b
    • Nazwa wydawcy (P)
    • MPG,
    • c
    • Data wydania (P)
    • [1991].
300 -Strefa opisu fizycznego [ , ]
    • a
    • Określenie formy książki i/lub objętość (NP)
    • 209, [1] s., [28] s. tabl. :
    • b
    • Oznaczenie ilustracji (NP)
    • il. ;
    • c
    • Format (NP)
    • 23 cm.
336 -Typ zawartości [ , ]
    • a
    • Termin opisujący typ zawartości
    • Tekst
    • b
    • Kod określający zawartość
    • txt
    • 2
    • Źródło (terminu i kodu)
    • rdacontent
337 -Typ mediów [ , ]
    • a
    • Tryb odtwarzania
    • Bez urządzenia pośredniczącego
    • b
    • Kod typu mediów
    • n
    • 2
    • Źródło (terminu i kodu)
    • rdamedia
338 -Typ/rodzaj nośnika [ , ]
    • a
    • Hasło opisujące typ nośnika
    • Wolumin
    • b
    • Kod typu nośnika
    • nc
    • 2
    • Źródło (terminu i kodu)
    • rdacarrier
510 -Uwaga dot. cytaty bibliograficznej [4, ]
    • a
    • Nazwa źródła
    • Rok wyd. wg PB'2006,
    • c
    • Umiejscowienie w źródle
    • poz. 17962.
080 -Uniwersalna Klasyfikacja Dziesiętna [ , ]
    • a
    • Symbol klasyfikacji
    • 884-94
080 -Uniwersalna Klasyfikacja Dziesiętna [ , ]
    • a
    • Symbol klasyfikacji
    • :929 Górski W.
600 -Hasło przedmiotowe w formie nazwy osobowej [1,7]
    • a
    • Nazwa osobowa
    • Górski, Władysław
    • d
    • Daty związane z nazwą
    • (1917-2015)
    • v
    • Określnik formalny
    • biografie.
    • 2
    • Źródło terminu
    • kaba
    • 9
    • KHW
    • 385590
610 -Hasło przedmiotowe w formie nazwy ciała zbiorowego [1,7]
    • a
    • Nazwa ciała zbiorowego lub nazwa geograficzna
    • Polska.
    • b
    • Nazwa jednostki podrzędnej
    • Polskie Siły Zbrojne na Zachodzie.
    • b
    • Nazwa jednostki podrzędnej
    • 3 Dywizja Strzelców Karpackich.
    • 2
    • Źródło terminu
    • kaba
    • 9
    • KHW
    • 260677
650 -Hasło przedmiotowe [ ,7]
    • a
    • Hasło przedmiotowe
    • Wojna światowa (1939-1945)
    • x
    • Określnik rzeczowy
    • kampanie i bitwy
    • x
    • Określnik rzeczowy
    • front zachodni
    • v
    • Określnik formalny
    • relacje osobiste Polaków.
    • 2
    • Źródło terminu
    • kaba
    • 9
    • KHW
    • 385589
980 -Symbol UKD [ , ]
    • a
    • UKD
    • 884-94:929 Górski W.
700 -Hasło dodatkowe - nazwa osobowa [1, ]
    • a
    • Nazwa osobowa (NP)
    • Lasota, Maciej. Find
    • e
    • Określenie rodzaju współpracy
    • Il.
    • 9
    • KHW
    • 61159
Status udost. Sygnatura Numer inwentarzowy Data inwentaryzacji Lokalizacja
1Z.83628Z.836281994-05-10BG
-3W.184859W.1848591994-05-10BG
-3WM.931WM.9312003-08-26BG
1 H.41801994-05-10BNS
-3 H.80141999-03-18BNS
-2T.181T.1811998-11-12T